000 00522 a2200157 4500
020 _a8131721663
020 _a9788131721667
082 _a530
090 _c1599
_d1599
100 1 _aFeynman, Richard P.
245 1 4 _aThe feynman lectures on physics vol-3 /
_cRichard P. Feynman.
260 _aNew Delhi
_bPearson Education,
_c2009.
300 _a1 v. (unpaged)
942 _aSNS
_cBK
_k530. FEY
999 _c30208
_d30208